00000000nam 2200000za 4500
0019.838477
003CaOODSP
00520250911100053
007cr |||||||||||
008170619s2015    quca    o    f000 0 eng d
040 |aCaOODSP|beng
043 |an-cn---
0861 |aP29-003-018-5-2015E-PDF
24500|aMethods of testing petroleum and associated products |h[electronic resource] : |btest for ethyl mercaptan odorant in propane, field method / |cprepared by the Canadian General Standards Board ; approved by the Standards Council of Canada.
24610|aTest for ethyl mercaptan odorant in propane, field method
250 |a[August 2015 edition].
260 |aGatineau : |bCanadian General Standards Board, |c2015.
300 |ai, 10 p. : |bill.
4901 |aNational standard of Canada ; |vno. 18.5-2015
500 |a"August 2015."
500 |a"Experience and excellence"--Cover.
500 |aSupersedes CAN/CGSB-3.0 No. 18.5-2006.
500 |aIssued also in French under title: Méthodes d'essai des produits pétroliers et produits connexes : dosage de l'odorisant (éthylmercaptan) dans le propane, méthode sur le terrain.
520 |a"This method is intended for the semi‑quantitative determination of ethyl mercaptan odorant (within the range of 5 to 48 mg/L) in liquid propane in order to confirm that recently stenched propane is odorized to the required level. Two procedures are given which are intended for field application and may be suitable for use by non‑laboratory personnel after suitable training. A gas chromatographic method should be used for more precise, quantitative determination of ethyl mercaptan in propane"--Scope.
69207|2gccst|aPropane
69207|2gccst|aPetroleum
69207|2gccst|aStandards
7102 |aStandards Council of Canada.
7102 |aCanadian General Standards Board.
77508|tMéthodes d'essai des produits pétroliers et produits connexes |w(CaOODSP)9.838478
794 |tMethods of testing petroleum and associated products : |b[September 2020 edition]|w(CaOODSP)9.891506
830#0|aNational standard of Canada ;|vno. 18.5-2015.|w(CaOODSP)9.507848
85640|qPDF|s653 KB|uhttps://publications.gc.ca/collections/collection_2017/ongc-cgsb/P29-003-018-5-2015-eng.pdf
986 |aICS 71.040.40